000 00832nam a2200253Ia 4500
003 GCL
008 140319s9999 xx 000 0 ara d
040 _aGCL /
_cGCL
082 0 4 _a150.1933
_bى د
100 1 _aيحيى الرخاوى
245 1 0 _aدراسة فى علم السيكوباثولوجى :
_b(شرح: سر اللعبة) /
_cيحيى الرخاوى
260 _aالقاهرة :
_bجمعية الطب النفسى التطورى ،
_c1979
300 _a947 ص ؛
_c24 سم
490 _a
650 0 4 _aعلم النفس
650 0 4 _aالشخصية
650 0 4 _aالعلاج النفسى
650 0 4 _aالطب النفسى
650 0 4 _aالامراض النفسية
650 0 4 _aالادراك
650 0 4 _aعلم النفس الاكلينيكى
650 0 4 _aالاكتئاب
942 _2ddc
_cBK
999 _c50935
_d50935